01554agaaa2200313 45000010005000000030009000050050017000140070009000310080040000400400023000800410013001031000047001161300012001632400019001752450135001942460012003292500022003412600100003633000034004635080131004975110089006285200255007175380016009725460013009886500056010017000059010577000066011167000058011826447IT-RoPAU20220918181252.0d cvaizq50131s9999||||xx ||| | || ||und|| aIT-RoPAUcIT-RoPAU aITALIANO aPolanski RomangCodice regista SPICS: 1627 aMACBETH aMACBETHgT2247 aMACBETHcSceneggiatura: Polanski Roman Tynan Kenneth -- Diretto da: Polanski RomanpMACBETH (Rif. Codice opera principale : 76447) aMACBETH aEdizione Standard a(INGHILTERRA)bPAYBOY / Distribuzione: RAI TREg"1971 (1° ed.: 1989 ; Ed. Lingua Orig.: 1971)" aVHSbsonoro, col.c135 minuti a"Fotografia: Taylor Gil; Montaggio: Mcintyre Alastair; Musica: Third Ear Band ; Sceneggiatura: Polanski Roman Tynan Kenneth; " a"Finch Jon; Annis Francesca; Shaw Martin; Stride John; Selby Nichoala; Case Stephan" aALTRI-INTERPRETI: TERENCE-BAYLEY PAUL-SHELLEY NOEL-DAVIS RICHARD-PEARSON ANDREW-LAURENCEDALLA TRAGEDIA DI WILLIAM SHAKESPEARE POLANSKI HA RICAVATO UN FILM SULL'AMORE PER IL POTERE UN NOBILE SCOZZESE SI OPPONE CON VIOLENZA ALLA PROFEZIA DI TRE STREGHE aPAL, STEREO aITALIANO aDRAMMATICOeFILMS [VHS]xCodice MATERIA SPICS: 9960 aPolanski Roman e(regista)gCodice regista SPICS: 1627 aShakespeare William e(soggetto)gCodice Soggetto SPICS: 1305 aThird Ear Band e(musica)gCodice Musica SPICS: 26928